[Event "EU-ch Online 2300+ Final"]
[Site "Chess.com INT"]
[Date "2020.05.30"]
[Round "7"]
[White "Budrewicz, Krzysztof"]
[Black "Cereda, Loris"]
[Result "0-1"]
[WhiteElo "2227"]
[BlackElo "2338"]
[PlyCount "170"]
[EventDate "2020.05.30"]
[EventType "swiss"]
[EventRounds "8"]
[EventCountry "NET"]
[SourceTitle "CBM 196 Extra"]
[Source "ChessBase"]
[SourceDate "2020.07.31"]
[SourceVersion "1"]
[SourceVersionDate "2020.07.31"]
[SourceQuality "1"]

1. d4 d5 2. c4 e6 3. Nf3 Nf6 4. Nc3 c6 5. Bg5 Nbd7 6. e3 Qa5 7. Nd2 Bb4 8. Qc2 0-0 9. Be2 e5 10. dxe5 Ne4 11. Ndxe4 dxe4 12. 0-0 Bxc3 13. Qxc3 Qxc3 14. bxc3 Nxe5 15. Bf4 Nd3 16. Bd6 Re8 17. Rab1 b6 18. f3 c5 19. fxe4 Ne5 20. a4 Ng4 21. Bf3 Nxe3 22. e5 Nxf1 23. Bxa8 Nd2 24. Ra1 Nxc4 25. a5 Nxa5 26. Ra3 Be6 27. Bf3 Rd8 28. h3 h6 29. Kf2 Nc4 30. Rxa7 Nxd6 31. exd6 Rxd6 32. Ke3 b5 33. Rb7 Bc4 34. Rc7 Rd3+ 35. Kf4 g5+ 36. Kf5 Rxc3 37. Kf6 Be6 38. Rb7 Rc4 39. Rxb5 Kh7 40. g3 Rb4 41. Rxc5 Rb2 42. Be4+ Kg8 43. h4 Rf2+ 44. Ke5 gxh4 45. gxh4 Rh2 46. Rc2 Rxh4 47. Rg2+ Kf8 48. Rb2 Ke7 49. Rb7+ Kd8 50. Rb8+ Kc7 51. Rh8 h5 52. Bf5 Bxf5 53. Kxf5 Rh1 54. Rh7 Kd6 55. Kg5 Ke7 56. Rh8 h4 57. Kg4 h3 58. Kg3 Kf6 59. Ra8 Kg5 60. Rg8+ Kf5 61. Ra8 f6 62. Ra5+ Kg6 63. Ra6 Kg5 64. Ra5+ f5 65. Rb5 Rg1+ 66. Kxh3 Kf4 67. Kh2 Rg5 68. Rb3 Ke4 69. Rb4+ Kd3 70. Rb3+ Kc2 71. Re3 Kd2 72. Re5 Kd3 73. Kh3 Kd4 74. Re1 f4 75. Kh2 f3 76. Re8 f2 77. Rf8 Ke3 78. Re8+ Kd2 79. Rd8+ Ke1 80. Re8+ Kf1 81. Rf8 Rg2+ 82. Kh3 Rg1 83. Re8 Rh1+ 84. Kg3 Kg1 85. Ra8 f1Q 0-1

[Event "EU-ch Online 2300+ Final"]
[Site "Chess.com INT"]
[Date "2020.05.30"]
[Round "3"]
[White "Cereda, Loris"]
[Black "Kazakouski, Valery"]
[Result "1-0"]
[WhiteElo "2338"]
[BlackElo "2473"]
[PlyCount "73"]
[EventDate "2020.05.30"]
[EventType "swiss"]
[EventRounds "8"]
[EventCountry "NET"]
[SourceTitle "CBM 196 Extra"]
[Source "ChessBase"]
[SourceDate "2020.07.31"]
[SourceVersion "1"]
[SourceVersionDate "2020.07.31"]
[SourceQuality "1"]

1. e4 c5 2. Nf3 a6 3. g3 b5 4. d3 Bb7 5. Bg2 g6 6. 0-0 Bg7 7. Re1 Nc6 8. Nbd2 d6 9. Nf1 e6 10. c3 Nf6 11. Bg5 h6 12. Bxf6 Bxf6 13. Ne3 Qb6 14. Rc1 0-0 15. Qd2 Bg7 16. a3 Rfd8 17. h4 a5 18. Ng4 Kh7 19. d4 cxd4 20. cxd4 f5 21. exf5 exf5 22. Ne3 Ne7 23. g4 fxg4 24. Nxg4 Nf5 25. h5 Rf8 26. hxg6+ Kh8 27. d5 Rae8 28. Rxe8 Rxe8 29. Qc2 Nd4 30. Qc7 Qxc7 31. Rxc7 Ne2+ 32. Kh2 Bxd5 33. Nd4 Nxd4 34. Bxd5 h5 35. Nh6 Ne6 36. Nf7+ Kg8 37. Ng5 1-0

[Event "EU-ch Online 2300+ Qual"]
[Site "Chess.com INT"]
[Date "2020.05.29"]
[Round "4"]
[White "Kourkoulos Arditis, Stamatis"]
[Black "Cereda, Loris"]
[Result "0-1"]
[WhiteElo "2473"]
[BlackElo "2338"]
[PlyCount "80"]
[EventDate "2020.05.29"]
[EventType "swiss"]
[EventRounds "8"]
[EventCountry "NET"]
[SourceTitle "CBM 196 Extra"]
[Source "ChessBase"]
[SourceDate "2020.07.31"]
[SourceVersion "1"]
[SourceVersionDate "2020.07.31"]
[SourceQuality "1"]

1. Nf3 d5 2. g3 Nf6 3. Bg2 c6 4. 0-0 Bg4 5. d3 e6 6. h3 Bh5 7. Nbd2 Nbd7 8. e4 Bd6 9. Qe1 Qc7 10. b3 0-0 11. Bb2 e5 12. Nh4 Rfe8 13. Kh1 Rac8 14. Nf5 Bf8 15. f4 dxe4 16. dxe4 a5 17. Nc4 exf4 18. gxf4 Bg6 19. Ne5 Nxe5 20. Bxe5 Rxe5 21. fxe5 Qxe5 22. Qg3 Qxg3 23. Nxg3 Re8 24. Rad1 Bc5 25. c3 h5 26. Rxf6 gxf6 27. h4 Bf2 28. Kh2 Bxg3+ 29. Kxg3 Bxe4 30. Bh3 Kh7 31. Rd7 Kg6 32. Rxb7 Bb1 33. Kf4 Re4+ 34. Kf3 Rxh4 35. Bd7 Be4+ 36. Kg3 Rh1 37. Kf4 f5 38. Be8 Bd5 39. c4 Rf1+ 40. Kg3 f4+ 0-1

[Event "Robecchetto op-A 26th"]
[Site "Robecchetto"]
[Date "2015.07.26"]
[Round "4"]
[White "Genzling, Sylvie"]
[Black "Cereda, Loris"]
[Result "0-1"]
[WhiteElo "2019"]
[BlackElo "2225"]
[PlyCount "34"]
[EventDate "2015.07.24"]
[EventType "swiss"]
[EventRounds "5"]
[EventCountry "ITA"]
[SourceTitle "EXT 2016"]
[Source "ChessBase"]
[SourceDate "2015.10.08"]
[SourceVersion "1"]
[SourceVersionDate "2015.10.08"]
[SourceQuality "1"]

1. e4 e5 2. d4 exd4 3. Qxd4 Nc6 4. Qe3 g6 5. Nc3 Bg7 6. Bd2 Nf6 7. 0-0-0 0-0 8. f3 Re8 9. Qf2 d5 10. exd5 Nxd5 11. Nge2 Ndb4 12. h4 Qd3 13. cxd3 Nxd3+ 14. Kb1 Nxf2 15. Rg1 Bf5+ 16. Ka1 Nxd1 17. Nxd1 Rad8 0-1

[Event "Robecchetto op-A 26th"]
[Site "Robecchetto"]
[Date "2015.07.25"]
[Round "3"]
[White "Cereda, Loris"]
[Black "Guidi, Maurizio"]
[Result "1-0"]
[WhiteElo "2225"]
[BlackElo "2015"]
[PlyCount "55"]
[EventDate "2015.07.24"]
[EventType "swiss"]
[EventRounds "5"]
[EventCountry "ITA"]
[SourceTitle "EXT 2016"]
[Source "ChessBase"]
[SourceDate "2015.10.08"]
[SourceVersion "1"]
[SourceVersionDate "2015.10.08"]
[SourceQuality "1"]

1. e4 g6 2. d4 Bg7 3. Nf3 d6 4. Nc3 Nf6 5. Be3 0-0 6. Qd2 c6 7. Bh6 b5 8. Bxg7 Kxg7 9. Bd3 b4 10. Ne2 a5 11. a3 c5 12. e5 dxe5 13. dxe5 Nd5 14. h4 h5 15. Be4 e6 16. axb4 cxb4 17. g4 hxg4 18. Ng5 Ra7 19. h5 Rh8 20. Nf4 Nc6 21. 0-0-0 Rc7 22. hxg6 Nd4 23. Qxd4 Qxg5 24. Bxd5 Rd7 25. Qe3 Qf5 26. Rxh8 Kxh8 27. Rh1+ Kg8 28. Rh5 1-0

[Event "Crespi d'Adda Cup"]
[Site "Capriate San Gervasio"]
[Date "2015.05.30"]
[Round "3"]
[White "Cereda, Loris"]
[Black "Bonassi, Tommaso"]
[Result "1-0"]
[WhiteElo "2213"]
[BlackElo "2042"]
[PlyCount "45"]
[EventDate "2015.05.29"]
[EventType "swiss"]
[EventRounds "5"]
[EventCountry "ITA"]
[SourceTitle "EXT 2017"]
[Source "ChessBase"]
[SourceDate "2016.10.25"]
[SourceVersion "1"]
[SourceVersionDate "2016.10.25"]
[SourceQuality "1"]

1. e4 c5 2. Nf3 d6 3. Bb5+ Bd7 4. Bxd7+ Qxd7 5. 0-0 Nc6 6. Qe2 g6 7. c3 Bg7 8. Rd1 Rc8 9. d4 cxd4 10. cxd4 Nxd4 11. Nxd4 Bxd4 12. Nc3 Bg7 13. Be3 b6 14. a4 Qb7 15. a5 Nf6 16. axb6 axb6 17. e5 dxe5 18. Qb5+ Kf8 19. Ra6 h6 20. Rxb6 Qa8 21. Bc5 Kg8 22. Bxe7 Ne4 23. Ra6 1-0

[Event "Novara op-A"]
[Site "Novara"]
[Date "2013.11.02"]
[Round "2"]
[White "Villa, Giorgio"]
[Black "Cereda, Loris"]
[Result "1/2-1/2"]
[WhiteElo "1959"]
[BlackElo "2185"]
[PlyCount "77"]
[EventDate "2013.11.01"]
[EventType "swiss"]
[EventRounds "5"]
[EventCountry "ITA"]
[SourceTitle "EXT 2014"]
[Source "ChessBase"]
[SourceDate "2013.11.20"]
[SourceVersion "1"]
[SourceVersionDate "2013.11.20"]
[SourceQuality "1"]

1. d4 Nf6 2. Nf3 d5 3. c4 e6 4. Bg5 Nbd7 5. e3 c6 6. Nc3 Qa5 7. Nd2 Bb4 8. Qc2 Ne4 9. Ncxe4 dxe4 10. Bh4 0-0 11. a3 e5 12. Rd1 Bxd2+ 13. Qxd2 Qxd2+ 14. Rxd2 f5 15. Be2 h6 16. dxe5 Nxe5 17. Bg3 Nf7 18. 0-0 Be6 19. Rfd1 Rfd8 20. Kf1 Kf8 21. b3 Rxd2 22. Rxd2 Rd8 23. Ke1 Ke7 24. Bh5 Rxd2 25. Kxd2 Nd8 26. Bc7 c5 27. Bxd8+ Kxd8 28. f3 Ke7 29. fxe4 fxe4 30. Bg6 a5 31. Bxe4 b6 32. Bd5 Bd7 33. Kd3 Kf6 34. Bf3 Ke5 35. a4 g5 36. h3 Bf5+ 37. e4 Bg6 38. Ke3 h5 39. g4 1/2-1/2

[Event "Novara op-A"]
[Site "Novara"]
[Date "2013.11.01"]
[Round "1"]
[White "Cereda, Loris"]
[Black "Razzano, Lorenzo"]
[Result "1/2-1/2"]
[WhiteElo "2185"]
[BlackElo "1987"]
[PlyCount "99"]
[EventDate "2013.11.01"]
[EventType "swiss"]
[EventRounds "5"]
[EventCountry "ITA"]
[SourceTitle "EXT 2014"]
[Source "ChessBase"]
[SourceDate "2013.11.20"]
[SourceVersion "1"]
[SourceVersionDate "2013.11.20"]
[SourceQuality "1"]

1. e4 e5 2. Nf3 Nc6 3. Bc4 Nf6 4. d3 Be7 5. 0-0 d6 6. c3 0-0 7. Re1 Kh8 8. Bb3 Ng8 9. Nbd2 f5 10. d4 fxe4 11. Nxe4 d5 12. Ng3 e4 13. Ne5 Nf6 14. f3 exf3 15. Nxf3 Bg4 16. Qd3 Bxf3 17. Qxf3 Ne4 18. Qh5 Bh4 19. Qxd5 Bxg3 20. Qxd8 Bf2+ 21. Kf1 Raxd8 22. Rxe4 Bxd4+ 23. Ke1 Bf2+ 24. Ke2 Bb6 25. Bf4 g5 26. Bg3 Rd7 27. Rd1 Rxd1 28. Kxd1 Kg7 29. Ke2 h5 30. h4 g4 31. Bf4 Kg6 32. g3 Rf6 33. Re8 Kh7 34. Bd5 Bc5 35. b4 Bd6 36. Bg5 Rf8 37. Rxf8 Bxf8 38. Bf7 Bg7 39. Kd2 Ne5 40. Bxh5 Nf3+ 41. Kd3 Nxg5 42. hxg5 Be5 43. c4 Bxg3 44. Bxg4 Kg6 45. c5 Kxg5 46. Bc8 b6 47. Kc4 a5 48. b5 Kf6 49. Kd5 Bf2 50. cxb6 1/2-1/2

[Event "Imperia op-A 55th"]
[Site "Imperia"]
[Date "2013.09.03"]
[Round "3"]
[White "Cereda, Loris"]
[Black "Lezzerini, Marco"]
[Result "1/2-1/2"]
[WhiteElo "2204"]
[BlackElo "1960"]
[PlyCount "62"]
[EventDate "2013.09.01"]
[EventType "swiss"]
[EventRounds "9"]
[EventCountry "ITA"]
[SourceTitle "EXT 2015"]
[Source "ChessBase"]
[SourceDate "2014.11.20"]
[SourceVersion "1"]
[SourceVersionDate "2014.11.20"]
[SourceQuality "1"]

1. e4 d6 2. d4 Nf6 3. Nd2 g6 4. Ngf3 Bg7 5. Bd3 0-0 6. 0-0 Nc6 7. c3 e5 8. Re1 Nh5 9. dxe5 dxe5 10. Qc2 Nf4 11. Bc4 Na5 12. Bf1 Be6 13. b4 Nc6 14. Nc4 Bg4 15. b5 Bxf3 16. bxc6 Qg5 17. Bxf4 exf4 18. Kh1 b5 19. Na3 b4 20. gxf3 bxa3 21. Rab1 Qc5 22. Rb3 a5 23. Reb1 a4 24. Rb4 Qxc3 25. Qxc3 Bxc3 26. Rb7 Ba5 27. Bb5 Bb6 28. Rb4 Rfd8 29. Rxa4 Rxa4 30. Bxa4 Rd4 31. Bb3 Rd8 1/2-1/2

[Event "Novara op 1st"]
[Site "Novara"]
[Date "2011.11.05"]
[Round "3"]
[White "Cereda, Loris"]
[Black "Ranieri, Fabrizio"]
[Result "1/2-1/2"]
[WhiteElo "2091"]
[BlackElo "2279"]
[PlyCount "49"]
[EventDate "2011.11.04"]
[EventType "swiss"]
[EventRounds "5"]
[EventCountry "ITA"]
[SourceTitle "EXT 2012"]
[Source "ChessBase"]
[SourceDate "2011.11.24"]
[SourceVersion "1"]
[SourceVersionDate "2011.11.24"]
[SourceQuality "1"]

1. e4 e6 2. d4 d5 3. exd5 exd5 4. Nf3 Bg4 5. h3 Bh5 6. Qe2+ Qe7 7. Be3 Nc6 8. Nc3 0-0-0 9. 0-0-0 h6 10. g4 Bg6 11. Qb5 a6 12. Qa4 Qb4 13. Ne5 Qxa4 14. Nxa4 Nxe5 15. dxe5 Be4 16. Rg1 f6 17. Bd4 fxe5 18. Bxe5 Ne7 19. Nc3 Nc6 20. Bg3 Bc5 21. Bd3 Bxd3 22. Rxd3 Rhf8 23. Nxd5 Bxf2 24. Bxf2 Rxf2 25. Re1 1/2-1/2

[Event "Civitanova Marche op"]
[Site "Civitanova Marche"]
[Date "2011.07.30"]
[Round "7"]
[White "Cereda, Loris"]
[Black "Viviani, Alessio"]
[Result "1-0"]
[WhiteElo "2164"]
[BlackElo "1958"]
[PlyCount "59"]
[EventDate "2011.07.24"]
[EventType "swiss"]
[EventRounds "7"]
[EventCountry "ITA"]
[SourceTitle "EXT 2014"]
[Source "ChessBase"]
[SourceDate "2013.11.20"]
[SourceVersion "1"]
[SourceVersionDate "2013.11.20"]
[SourceQuality "1"]

1. e4 d6 2. d4 g6 3. c3 Nf6 4. Bd3 Bg7 5. Nf3 0-0 6. 0-0 c5 7. h3 cxd4 8. cxd4 Nc6 9. Be3 Nb4 10. Nc3 Nxd3 11. Qxd3 a6 12. d5 e6 13. dxe6 Bxe6 14. Ng5 Qe7 15. Rfd1 Rad8 16. Rac1 d5 17. Nxe6 fxe6 18. Bb6 Rd7 19. Qe3 Qf7 20. Bc5 Re8 21. e5 Nh5 22. Ne2 Bf8 23. Bb6 Be7 24. g4 Ng7 25. Rd3 h5 26. Qh6 Rf8 27. f4 g5 28. fxg5 d4 29. g6 Qf2+ 30. Kh1 1-0

[Event "Robecchetto op-A 21th"]
[Site "Robecchetto"]
[Date "2010.12.29"]
[Round "5"]
[White "Cereda, Loris"]
[Black "Burlando, Alessandro"]
[Result "1-0"]
[WhiteElo "2091"]
[BlackElo "2132"]
[PlyCount "48"]
[EventDate "2010.12.27"]
[EventType "swiss"]
[EventRounds "6"]
[EventCountry "ITA"]
[SourceTitle "EXT 2024"]
[Source "ChessBase"]
[SourceDate "2023.10.10"]
[SourceVersion "1"]
[SourceVersionDate "2023.10.10"]
[SourceQuality "1"]

1. e4 e6 2. Nf3 d5 3. exd5 exd5 4. d4 Nf6 5. c4 Be7 6. Nc3 0-0 7. Be2 dxc4 8. Bxc4 Nbd7 9. 0-0 Nb6 10. Bb3 c6 11. h3 Nbd5 12. Re1 Re8 13. Bd2 h6 14. Nxd5 Nxd5 15. Qc2 Be6 16. Rxe6 fxe6 17. Bxh6 Bh4 18. Re1 Qe7 19. Bd2 Bf6 20. Qe4 Rad8 21. Bc2 g5 22. Qg6+ Qg7 23. Nxg5 Bxd4 24. Rxe6 Rxe6 1-0

[Event "Robecchetto op-A 21th"]
[Site "Robecchetto"]
[Date "2010.12.28"]
[Round "3"]
[White "Barlocco, Carlo"]
[Black "Cereda, Loris"]
[Result "0-1"]
[WhiteElo "2168"]
[BlackElo "2091"]
[PlyCount "70"]
[EventDate "2010.12.27"]
[EventType "swiss"]
[EventRounds "6"]
[EventCountry "ITA"]
[SourceTitle "EXT 2024"]
[Source "ChessBase"]
[SourceDate "2023.10.10"]
[SourceVersion "1"]
[SourceVersionDate "2023.10.10"]
[SourceQuality "1"]

1. Nf3 d5 2. d4 Nf6 3. c4 e6 4. Bg5 Nbd7 5. cxd5 exd5 6. Nc3 Be7 7. e3 c6 8. Bd3 0-0 9. Qc2 Re8 10. 0-0 Nf8 11. Bxf6 Bxf6 12. b4 Bg4 13. Nd2 Qd6 14. Rab1 g6 15. Nb3 b6 16. a3 Bd7 17. e4 Bxd4 18. Nxd4 dxe4 19. Bxe4 Qxd4 20. Rbd1 Qe5 21. Rfe1 Rad8 22. Re3 Bf5 23. Rde1 Re6 24. h3 Rd4 25. g4 Bxe4 26. Nxe4 Qf4 27. Kg2 Qc7 28. Qc3 Qd8 29. Ng5 Qd5+ 30. Kg3 Rc4 31. Qb3 Rxe3+ 32. Qxe3 Kg7 33. Ne4 Ne6 34. h4 f5 35. Nc3 Rxg4+ 0-1

[Event "Robecchetto op-A 21th"]
[Site "Robecchetto"]
[Date "2010.12.27"]
[Round "1"]
[White "Cereda, Loris"]
[Black "Raselli, Claudio"]
[Result "1-0"]
[WhiteElo "2091"]
[BlackElo "1954"]
[PlyCount "51"]
[EventDate "2010.12.27"]
[EventType "swiss"]
[EventRounds "6"]
[EventCountry "ITA"]
[SourceTitle "EXT 2024"]
[Source "ChessBase"]
[SourceDate "2023.10.10"]
[SourceVersion "1"]
[SourceVersionDate "2023.10.10"]
[SourceQuality "1"]

1. e4 c5 2. Nc3 Nc6 3. f4 g6 4. Nf3 Bg7 5. Bb5 Nd4 6. Bc4 e6 7. e5 Nxf3+ 8. Qxf3 d5 9. exd6 Qxd6 10. Ne4 Qc7 11. Bb5+ Ke7 12. 0-0 a6 13. Be2 Nf6 14. d3 Bd7 15. c3 Bc6 16. Qe3 b6 17. Bf3 Rhd8 18. f5 Nxe4 19. Bxe4 Bxe4 20. Qxe4 Qd7 21. fxe6 Qxe6 22. Bg5+ f6 23. Qb7+ Kf8 24. Rae1 Qd6 25. Bf4 Qxd3 26. Re7 1-0

[Event "Fabriano Palio op"]
[Site "Fabriano"]
[Date "2010.06.24"]
[Round "5"]
[White "Cereda, Loris"]
[Black "De Santis, Alessio"]
[Result "1-0"]
[WhiteElo "2026"]
[BlackElo "2316"]
[PlyCount "98"]
[EventDate "2010.06.20"]
[EventType "swiss"]
[EventRounds "6"]
[EventCountry "ITA"]
[SourceTitle "EXT 2024"]
[Source "ChessBase"]
[SourceDate "2023.10.10"]
[SourceVersion "1"]
[SourceVersionDate "2023.10.10"]
[SourceQuality "1"]

1. e4 b6 2. d4 Bb7 3. Bd3 e6 4. Nf3 d6 5. 0-0 Nd7 6. Re1 Ne7 7. c3 h6 8. Na3 a6 9. Nc4 g5 10. h3 Rg8 11. Qb3 g4 12. hxg4 Rxg4 13. a4 Rb8 14. Bd2 Rg8 15. Qc2 Ng6 16. Bf1 Nf6 17. d5 e5 18. Ne3 Bc8 19. Nf5 Ng4 20. b3 Bxf5 21. exf5 Nh4 22. Qe4 Nxf3+ 23. Qxf3 Qh4 24. Bf4 a5 25. Bg3 Qg5 26. Qe4 Be7 27. Bb5+ Kf8 28. Rad1 Nf6 29. Qc4 Bd8 30. Qd3 h5 31. Qf3 h4 32. Bh2 Be7 33. Re3 Kg7 34. Be2 Kh8 35. Qh3 Bf8 36. Bg3 Bh6 37. Bxh4 Qg7 38. Rg3 Nh7 39. Rxg7 Rxg7 40. f6 Rg6 41. Bd3 Rbg8 42. Bxg6 Rxg6 43. Qc8+ Rg8 44. Qxc7 Bg5 45. Bxg5 Nxg5 46. Rd3 b5 47. axb5 a4 48. bxa4 e4 49. Rg3 e3 1-0

[Event "Fabriano Palio op"]
[Site "Fabriano"]
[Date "2010.06.23"]
[Round "4"]
[White "Cereda, Loris"]
[Black "Gromovs, Sergejs"]
[Result "1/2-1/2"]
[WhiteElo "2026"]
[BlackElo "2319"]
[PlyCount "53"]
[EventDate "2010.06.20"]
[EventType "swiss"]
[EventRounds "6"]
[EventCountry "ITA"]
[SourceTitle "EXT 2024"]
[Source "ChessBase"]
[SourceDate "2023.10.10"]
[SourceVersion "1"]
[SourceVersionDate "2023.10.10"]
[SourceQuality "1"]

1. e4 d6 2. d4 Nf6 3. Nd2 e5 4. c3 Be7 5. Ngf3 Nbd7 6. Bd3 c6 7. a4 Qc7 8. Nc4 0-0 9. 0-0 d5 10. Ncd2 dxe4 11. Nxe4 Nxe4 12. Bxe4 Nf6 13. Bc2 exd4 14. Qxd4 Bg4 15. Bf4 Qd8 16. Rfe1 Bxf3 17. Qxd8 Bxd8 18. gxf3 a5 19. Rad1 Bb6 20. Re7 Ra7 21. Bb3 Bc5 22. Bd6 Bb6 23. Kg2 h6 24. Be5 Bc5 25. Bd6 Bb6 26. Be5 Bc5 27. Bd6 1/2-1/2

[Event "Corsico op-A 40th"]
[Site "Corsico"]
[Date "2009.05.03"]
[Round "5"]
[White "Lucchese, Paolo"]
[Black "Cereda, Loris"]
[Result "1/2-1/2"]
[WhiteElo "2005"]
[BlackElo "2050"]
[PlyCount "120"]
[EventDate "2009.05.01"]
[EventType "swiss"]
[EventRounds "6"]
[EventCountry "ITA"]
[SourceTitle "EXT 2011"]
[Source "ChessBase"]
[SourceDate "2010.11.26"]
[SourceVersion "1"]
[SourceVersionDate "2010.11.26"]
[SourceQuality "1"]

1. e4 e5 2. Nf3 Nc6 3. Bb5 a6 4. Ba4 Nf6 5. 0-0 Be7 6. Bxc6 dxc6 7. Qe1 Qd6 8. d4 Nd7 9. c3 f6 10. Be3 Nb6 11. Nbd2 Be6 12. dxe5 fxe5 13. Bxb6 cxb6 14. Qe3 Qc7 15. Ng5 Bg8 16. Qg3 0-0-0 17. Ndf3 h6 18. Qh3+ Qd7 19. Rfd1 Qxh3 20. Rxd8+ Bxd8 21. Nxh3 Bf6 22. b3 Be6 23. Kf1 Rd8 24. Ke2 Kc7 25. Nhg1 b5 26. Rd1 Rxd1 27. Kxd1 Kd6 28. Ne1 Bd8 29. Nd3 g5 30. h3 c5 31. Nb2 a5 32. c4 a4 33. bxa4 bxa4 34. a3 Ba5 35. Kc2 Bd7 36. Nf3 Bc6 37. Kd3 b5 38. cxb5 Bxb5+ 39. Nc4+ Ke6 40. Nfxe5 Bc7 41. Ng4 h5 42. Nge3 Be5 43. Nd1 Bd4 44. f3 Bg1 45. Nc3 Be8 46. Nd5 Bd7 47. Ndb6 Bb5 48. Nd5 Bd7 49. Nc3 Be8 50. Ne2 Bf2 51. e5 Bb5 52. Nc3 Be8 53. Ne4 Bg6 54. Ke2 Bxe4 55. fxe4 Bd4 56. Kd3 Ba1 57. Nb6 Bb2 58. Nc4 Ba1 59. Nb6 Bb2 60. Nc4 Ba1 1/2-1/2